AK TOPRAKLAR (Record no. 726869)

MARC details
000 -LEADER
sabit uzunluktaki kontrol alanı 00251nam a2200097Ia 4500
001 - KONTROL NUMARASI
kontrol alanı 726869
005 - EN SON İŞLEMİN TARİH VE ZAMANI
kontrol alanı 20250826163437.0
008 - SABİT-UZUNLUKTA VERİ ÖĞELERİ--GENEL BİLGİ
sabit uzunluktaki kontrol alanı 250824s9999 xx 000 0 und d
245 #0 - ESER / YAZAR
ESER ADI AK TOPRAKLAR
Yazar Adı EMİNE IŞINSU
260 ## - YAYIN, DAĞITIM, VB.
YAYIN EVİ BİLGE KÜLTÜR SANAT YAYINLARI

No items available.